00248nam a22000857a 4500100002100000245008200021260004200103300000900145650000800154 aDayarathne,M.N.T aComparison of Chemical Constituents in Heart Wood exrtactive in Tea Cultivars aColombobInstitute of Chemistryc2012 a35 p aTea